Zahraničnopolitické plány kandidátov na úrad prezidenta USA v roku 2020 bakalárska práca

Salvato in:
Dettagli Bibliografici
Autore principale: Fürstová, Karin
Ente Autore: Fakulta medzinárodných vzťahov EU. Katedra medzinárodných politických vzťahov
Altri autori: Augustín, Michael, 1991-
Natura: Libro
Lingua:slovacco
Pubblicazione: Bratislava 2021
Tags: Aggiungi Tag
Nessun Tag, puoi essere il primo ad aggiungerne!!

MARC

LEADER 00000nbm a2200000 4500
001 0275372
005 20220222101839.1
041 0 |a slo 
044 |a SK 
245 1 0 |a Zahraničnopolitické plány kandidátov na úrad prezidenta USA v roku 2020  |b bakalárska práca  |c Karin Fürstová ; školiteľ: Michael Augustín 
264 1 |a Bratislava  |c 2021 
300 |a 47 s. 
100 1 |a Fürstová, Karin 
700 1 |a Augustín, Michael, 1991- 
710 2 |a Fakulta medzinárodných vzťahov EU. Katedra medzinárodných politických vzťahov